00620nam a2200181Ia 4500008004100000082001800041100001700059245003800076250000800114260002800122300001000150500002400160650001600184942000700200952010700207952010700314999001700421230524s9999 xx 000 0 und d a621.3814bRED aS.Rama Reddy 0aFundamentals of Power Electronics a1ST aNEW DELHIbNarosac2002 aX;190 aQuantity Number: 2 aElectronics cBK 00104070aTATCLbTATCLcGENd2023-05-24l0o621.3814 REDp6507r2023-05-24w2023-05-24yBKzCPES5203 00104070aTATCLbTATCLcGENd2023-05-24l0o621.3814 REDp6690r2023-05-24w2023-05-24yBKzCPES5203 c13878d13878